000 00608nam a22001937a 4500
005 20251108164251.0
008 250721s1988 xx 000 0 ara d
082 1 4 _a621.39832/محم
100 1 _aخربوطلي، محمد ويس
245 1 0 _aمسجلات الكاسيت /
250 _aط2.
264 1 _aدمشق :
_bدار الكتاب العربي،
_c1988.
300 _a280ص
490 0 _aسلسلة الخدمات الهندسية و الإلكترونية ؛3
650 1 7 _aأجهزة التسجيل
650 1 7 _aالهندسة الإلكترونية
942 _2ddc
_cBK
999 _c7906
_d7906